000 00295nam a22001337a 4500
008 170825b xxu||||| |||| 00| 0 eng d
020 _a9780395676585
041 _aeng
080 _210 ED
_a070
100 _a39
101 _aMED
245 _aFORM AND STYLE
_cBALBOU.S
942 _2udc
_cBK
999 _c25043
_d25043